Laura González (Record no. 14198)
[ view plain ]
| 000 - LÍDER | |
|---|---|
| campo de control de longitud fija | 01395nam a2200205Ia 4500 |
| 008 - ELEMENTOS DE DATOS DE LONGITUD FIJA - INFORMACIÓN GENERAL | |
| campo de control de longitud fija | 0000002011 sp ad 0000000000mul00 |
| 090 ## - NÚMERO DE LLAMADA DE TIPO LC LOCALMENTE ASIGNADO (OCLC) | |
| Número de clasificación (OCLC) (R) | PSP00 L18g |
| 245 10 - TÍTULO DECLARACIÓN | |
| Título | Laura González |
| Resto del título | : Gramática del color |
| Declaración de responsabilidad | / textos Oscar Alonso Molina ...[et al.] ; traducción Lambe & Nieto, Kim Eddy ; fotografías Alberto García ...[et al.] |
| 260 ## - PUBLICACIÓN, DISTRIBUCIÓN | |
| Lugar de publicación | Las Palmas de Gran Canaria : Centro Atlántico de Arte Moderno. Caam |
| Fecha de publicación | 2011 |
| 300 ## - DESCRIPCIÓN FÍSICA | |
| Alcance | 169 p. |
| Dimensiones | / 24 cm. |
| 500 ## - NOTA GENERAL | |
| Nota general | Exposición realizada en el Centro Atlántico de Arte Moderno en Palmas de Gran Canaria, España entre el 1 de enero al 29 de mayo de 2011 \ Incluye datos biográficos y cronología artística \ Texto en español e inglés \ Donación de Carlos Jiménez, 2012 |
| 501 ## - Con nota | |
| Con nota | Gramática del color: hablando en tono menor / Omar Pascual Castillo ¿Qué ha dicho eXactamente Laura González Cabrerá / Oscar Alonso Molina Entrevista con LAura González Cabrera / Mariano de Santa Ana La notara / Jorge Blasco Gallardo La imposibilidad de la pintura / David Barro |
| 600 00 - ENTRADA DE SUJETO AÑADIDO - NOMBRE PERSONAL | |
| Nombre de la persona | GONZALEZ CABRERA, LAURA, 1976/ |
| Subdivisión general | TRABAJOS PICTORICOS |
| 650 14 - ENTRADA DE SUJETO AÑADIDO - TÉRMINO TÓPICO | |
| Término tópico o elemento de entrada del nombre geográfico | PINTURA ESPAÑOLA |
| 650 14 - ENTRADA DE SUJETO AÑADIDO - TÉRMINO TÓPICO | |
| Término tópico o elemento de entrada del nombre geográfico | ARTE CONTEMPORANEO ESPAÑOL |
| 650 14 - ENTRADA DE SUJETO AÑADIDO - TÉRMINO TÓPICO | |
| Término tópico o elemento de entrada del nombre geográfico | ARTISTAS PLASTICOS ESPAÑOLES |
| 650 14 - ENTRADA DE SUJETO AÑADIDO - TÉRMINO TÓPICO | |
| Subdivisión general | CATALOGOS |
| 650 14 - ENTRADA DE SUJETO AÑADIDO - TÉRMINO TÓPICO | |
| Subdivisión general | EXPOSICIONES |
| 700 1# - ENTRADA AGREGADA - NOMBRE PERSONAL | |
| Nombre de la persona | Castillo, Omar Pascual \ Alonso Molina, Oscar \ Santa Ana, Mariano de \ Barro, David |
| Estado de retirada | Pérdida de estatus | Estado dañado | No para préstamo | Código de recogida | Ubicación permanente | Ubicación actual | Ubicación de las estanterías | Fecha de adquisición | Número de llamada completo | Código de barras | Fecha de la última vez que se vio | Número de copia | Precio efectivo desde | Tipo de artículo Koha |
|---|---|---|---|---|---|---|---|---|---|---|---|---|---|---|
| General | ArtNexus | ArtNexus | General | 06/09/2022 | P-SP-00 L18G | 14382 | 06/09/2022 | Ej.1 | 06/09/2022 | Libro |